Régimen tributario argentino /

Guardado en:
Autor Principal: Naveira de Casanova, Gustavo J., (coord.)
Otros Autores: Nieto, Marcelo A., (coord.), Revilla, Pablo J. M., (coord.), Schafrik de Nuñez, Fabiana H., (coord.), Vázquez, Marisa N., (coord.), Casás, José Osvaldo, (prol.)
Formato: Libro
Idioma:Spanish
Publicado: Buenos Aires : Abeledo Perrot, 2011.
Edición:2a. ed.
Materias:
Etiquetas: Agregar Etiqueta
LEADER 00848nam a22002295a 4500
001 DER.der012304
008 180615s2011####ag#||||||||||||||#||spa||
005 20260610082927.0
245 1 0 |a Régimen tributario argentino /  |c coordinado por Gustavo J. Naveira de Casanova, Marcelo A. Nieto... [et al ]. 
250 |a 2a. ed. 
260 |a Buenos Aires :  |b Abeledo Perrot,  |c 2011. 
300 |a 628 p. 
020 |a 9789502021768 
100 1 |a Naveira de Casanova, Gustavo J.,  |e coord. 
700 1 |a Nieto, Marcelo A.,  |e coord. 
700 1 |a Revilla, Pablo J. M.,  |e coord. 
700 1 |a Schafrik de Nuñez, Fabiana H.,  |e coord. 
700 1 |a Vázquez, Marisa N.,  |e coord. 
700 1 |a Casás, José Osvaldo,  |e prol. 
650 7 |a DERECHO TRIBUTARIO  |2 UNBIS 
859 |a DERECHO  |b BIB. DERECHO  |h 343.04  |i REG  |p 007093 
859 |a DERECHO  |b BIB. DERECHO  |h 343.04  |i REG  |p 007094  |t 1